000 00487nam a22001697a 4500
005 20251108165551.0
008 250721s1992 xx 000 0 ara d
082 1 4 _aم/211.8/وهب
100 1 _aالزخيلي، وهبه
245 1 0 _aالقصة القرآنية :
_bهداية و بيان /
264 1 _aدمشق :
_bدار الخير،
_c1992.
300 _a240ص
650 1 7 _aالقرآن الكريم
650 1 7 _aقصص القرآن
942 _2ddc
_cREF
999 _c30965
_d30965